000 00517cam a22002171 4500
001 sa 67006292
003 DLC
005 20260227112405.0
008 890612s1961 ii 000 0 hino
010 _asa 67006292
035 _a(OCoLC)19854411
040 _aDLC
_cWaU
_dDLC
042 _apremarc
050 0 0 _aPK2098.P7
_bK37 1961
100 1 _aPrasad, Jai Shankar,
_d1889-1937.
245 1 0 _aKaruṇālaya.
260 _c[1961 or 2]
300 _a38 p.
_c19 cm.
500 _aIn Hindi.
500 _aA play.
999 _c75834
_d75834